000
00297nam a22001337a 4500
008
180308b xxu||||| |||| 00| 0 eng d
020
_a
019502883-X
041
_a
eng
080
_a
94
100
_a
16
101
_a
HIS
245
_a
Slavery, Law, & Politics
_c
Fehrenbacher,D.E
942
_2
udc
_c
BK
999
_c
44440
_d
44440